000 00290nam a22001337a 4500
020 _a0-7214-1640-3
082 _a823
_bSTI/F
100 _aSTIMSON, JOAN
245 _aFARMYARD STORIES FOR UNDER FIVES
260 _aLONDON
300 _a43
650 _aENGLISH SHORT STORY
_zUK
942 _cBK
999 _c2522
_d2522